| 000 | 00000nam 2200000zi 4500 |
| 001 | 9.913815 |
| 003 | CaOODSP |
| 005 | 20240415103804 |
| 006 | m o d f |
| 007 | cr mn||||||||| |
| 008 | 220726t20222022onc o f000 0 ||| d |
| 020 | |a9780660447407 |q(PDF) |
| 020 | |a9780660447414 |q(print) |
| 040 | |aCaOODSP|beng|erda|cCaOODSP |
| 041 | 07|aatj|2iso639-3 |
| 043 | |an-cn--- |
| 086 | 1 |aPS4-69/2020Atj-PDF |
| 086 | 1 |aPS4-69/2020Atj |
| 245 | 00|aAniki ka ki macihihiwakaniwitcik kata nosanehamok kitci tipatcimotcik minawa. |
| 250 | |a[Atikamekw edition]. |
| 264 | 1|a[Ottawa] : |bPublic Safety Canada = Sécurité publique Canada, |c[2022] |
| 264 | 4|c©2022 |
| 300 | |a1 online resource (29 pages) |
| 336 | |atext|btxt|2rdacontent |
| 337 | |acomputer|bc|2rdamedia |
| 338 | |aonline resource|bcr|2rdacarrier |
| 500 | |aIssued also in English under title: Victims of crime : staying informed; and in French under title: Les victimes d'actes criminels se tiennent au courant. |
| 520 | |a"This booklet explains who is considered a victim of crime, their rights as a victim, and the types of information they can receive; as well as, mandate and contact information for relevant federal government departments"--Provided by publisher. |
| 546 | |aText in Atikamekw. |
| 650 | 0|aVictims of crimes|xLegal status, laws, etc.|zCanada. |
| 650 | 0|aVictims of crimes|xCivil rights|zCanada. |
| 650 | 0|aVictims of crimes|xServices for|zCanada. |
| 710 | 1 |aCanada. |bPublic Safety Canada, |eissuing body. |
| 775 | 08|tVictims of crime : |w(CaOODSP)9.891662 |
| 776 | 0#|t[Victims of crime : |w(CaOODSP)9.913820 |
| 792 | |tAniki ka ki macihihiwakaniwitcik kata nosanehamok kitci tipatcimotcik minawa.|efre|w(CaOODSP)9.913818 |
| 794 | |tAniki ka ki macihihiwakaniwitcik kata nosanehamok kitci tipatcimotcik minawa.|b(2023)|w(CaOODSP)9.936775 |
| 856 | 40|qPDF|s290 KB|uhttps://publications.gc.ca/collections/collection_2023/sp-ps/PS4-69-2020-atj.pdf |